| 000 | 00367nam a22001217a 4500 | ||
|---|---|---|---|
| 082 | _a200 THE | ||
| 100 |
_aFaraz Kaiser Malik _973241 |
||
| 245 | _aTH-SOF-1815-Numerical Analysis of Self-Heating in Silicon Devices | ||
| 260 |
_aISLAMABAD _bNUST COLLEGE OF EME _c2020 |
||
| 650 |
_aMS- MECH-18 _973242 |
||
| 700 |
_aSupervisor Dr. Tariq Talha _969775 |
||
| 942 |
_cCF _2ddc |
||
| 999 |
_c579053 _d579053 |
||